000
00290nam a2200121Ia 4500
008
190216s9999||||xx |||||||||||||| ||und||
100
_a
Anilkumar De
245
0
_a
Text Book Of Inorganic Chemistry
260
_b
Wiley Eastern Ltd
_c
1974
300
_a
770p
650
_a
Chemistry
942
_c
BK
999
_c
2732
_d
2732